La calentura roja observada en sus apariciones epidémicas de los años 1865 y 1867 / (Record no. 155331)

MARC details
000 -LEADER
campo de control de longitud fija 00781nam a22001935i 4500
001 - NÚMERO DE CONTROL
campo de control 155331
003 - IDENTIFICADOR DE NÚMERO DE CONTROL
campo de control ES-MaACL
005 - FECHA Y HORA DE LA ÚLTIMA TRANSACCIÓN
campo de control 20230906210033.0
008 - DATOS DE LONGITUD FIJA--INFORMACIÓN GENERAL
campo de control de longitud fija 000511s1871 sp |||| | spa d
040 ## - FUENTE DE CATALOGACIÓN
Centro catalogador/agencia de origen CAM
Lengua de catalogación spa
Centro/agencia transcriptor CAM
100 1# - ENTRADA PRINCIPAL--NOMBRE DE PERSONA
Nombre de persona Hernández Poggio, Ramón.
9 (RLIN) 127903
245 13 - MENCIÓN DEL TÍTULO
Título La calentura roja observada en sus apariciones epidémicas de los años 1865 y 1867 /
Mención de responsabilidad, etc. por Ramón Hernández Poggio.
260 ## - PUBLICACIÓN, DISTRIBUCIÓN, ETC.
Lugar de publicación, distribución, etc. Madrid :
Nombre del editor, distribuidor, etc. [s.n.],
Fecha de publicación, distribución, etc. 1871 (
Fabricante imprenta de Alejandro Gómez Fuentenebro)
300 ## - DESCRIPCIÓN FÍSICA
Extensión 74, [1] p. ;
Dimensiones 24 cm.
530 ## - NOTA DISPONIBLE DE FORMULARIO FÍSICO ADICIONAL
Nota de formato físico adicional disponible Disponible en formato digital.
650 #4 - PUNTO DE ACCESO ADICIONAL DE MATERIA--TÉRMINO DE MATERIA
Término de materia o nombre geográfico como elemento de entrada Dengue.
9 (RLIN) 155669
852 ## - LOCALIZACIÓN
Ubicación ES-MaACL
Número de control de estantería T-163-F-5
Nota libre -- Enc. hol.
-- -- Enc. en un vol. facticio
856 ## - LOCALIZACIÓN Y ACCESO ELECTRÓNICOS
Identificador Uniforme de Recursos <a href="http://bdh-rd.bne.es/viewer.vm?id=0000124604&page=1 ">http://bdh-rd.bne.es/viewer.vm?id=0000124604&page=1 </a>
Nota pública Biblioteca Digital Hispánica
Holdings
Estatus retirado Estado de pérdida Estado de daño No para préstamo Colección Biblioteca de origen Biblioteca actual Ubicación en estantería Fecha de adquisición Total de préstamos Signatura topográfica completa Código de barras Visto por última vez Precio de reemplazo Tipo de ítem Koha
        Colección de folletos Biblioteca del Ateneo de Madrid Biblioteca del Ateneo de Madrid Depósito folletos 17/01/2008   T-163-F-5 1162483 23/02/2023 23/02/2023 Folleto